| 000 | 00587nam a22001697a 4500 | ||
|---|---|---|---|
| 020 | _qHard Cover. | ||
| 082 | _a620.44 | ||
| 100 | _aKhalid, Muhammad. | ||
| 245 |
_aHYDROXYAPATITE POWDER AND FILMS ON METALLIC ALLOYS WITH CERAMIC BUFFER LAYERS / _cMohammad Khalid. |
||
| 260 |
_aIslamabad: _bSCME - NUST, _c2013. |
||
| 300 |
_axv. 146 p. : ill. ; _c30cm. |
||
| 650 |
_aPh. D. Thesis. _919288 |
||
| 700 |
_aDr. Muhammad Khalid. _919529 |
||
| 856 | _u http://10.250.8.41:8080/xmlui/handle/123456789/22203 | ||
| 942 |
_2ddc _cTHE |
||
| 999 |
_c528019 _d528019 |
||